00602nam a2200145Ia 4500008004100000024006000041082001900101100007600120245005000196260002600246600002700272650003300299856010700332999001700439260210s9999 xx 000 0 und d a17B-056-EE, 17B-064-EE, 17B-087-EE & 17B-101-EE a681.757072 AHM aMirza Sumair Ahmed, Syeda Fatima Aijaz, Aziz Zakir & Muhammad Ahsan 0aPortable Incubator for Remote Areas (with CD) aKarachi:bUITU,c2017 aElectronic Engineering aBachelor of Engineering (BE) uhttps://drive.google.com/file/d/1d56fvHzc5u6Vv5XQ09Syjv9GZWZaiQyk/view?usp=sharingyClick here for PDF c33275d33275